MARC details
| 000 -LEADER |
| fixed length control field |
01704cam a2200385 i 4500 |
| 001 - CONTROL NUMBER |
| control field |
18159895 |
| 003 - CONTROL NUMBER IDENTIFIER |
| control field |
BDDh-ASL |
| 005 - DATE AND TIME OF LATEST TRANSACTION |
| control field |
20231015030437.0 |
| 008 - FIXED-LENGTH DATA ELEMENTS--GENERAL INFORMATION |
| fixed length control field |
140522s2013 bg a b i000 0 eng |
| 010 ## - LIBRARY OF CONGRESS CONTROL NUMBER |
| LC control number |
2014347958 |
| 020 ## - INTERNATIONAL STANDARD BOOK NUMBER |
| International Standard Book Number |
9789843377326 |
| 025 ## - OVERSEAS ACQUISITION NUMBER |
| Overseas acquisition number |
B-E-2014-347958; 20 |
| 037 ## - SOURCE OF ACQUISITION |
| Source of stock number/acquisition |
Library of Congress -- New Delhi Overseas Office |
| 040 ## - CATALOGING SOURCE |
| Original cataloging agency |
DLC |
| Language of cataloging |
eng |
| Transcribing agency |
DLC |
| Description conventions |
rda |
| 042 ## - AUTHENTICATION CODE |
| Authentication code |
lcode |
| 043 ## - GEOGRAPHIC AREA CODE |
| Geographic area code |
a-bg--- |
| 050 00 - LIBRARY OF CONGRESS CALL NUMBER |
| Classification number |
QK99.B265 |
| Item number |
M68 2013 |
| 082 ## - DEWEY DECIMAL CLASSIFICATION NUMBER |
| Classification number |
615.15492 |
| Item number |
COM |
| 100 1# - MAIN ENTRY--PERSONAL NAME |
| Personal name |
Motaleb, Mohammad Abdul, |
| Relator term |
author. |
| 245 10 - TITLE STATEMENT |
| Title |
Commonly used medicinal herbs and shrubs by traditional herbal practitioners : |
| Remainder of title |
glimpses from Thanchi upazila of Bandarban / |
| Statement of responsibility, etc. |
Mohammad Abdul Motaleb, Dr. Mohammed Kamal Hossain, Dr. M. Khairul Alam, M. M. Abdullah-Al Mamun, Marufa Sultana. |
| 264 #1 - PRODUCTION, PUBLICATION, DISTRIBUTION, MANUFACTURE, AND COPYRIGHT NOTICE |
| Place of production, publication, distribution, manufacture |
Dhaka : |
| Name of producer, publisher, distributor, manufacturer |
International Union for Conservation of Nature and Natural Resources, Bolipara Nari Kalyan Somity, and Keidanren Nature Conservation Fund, |
| Date of production, publication, distribution, manufacture, or copyright notice |
2013. |
| 300 ## - PHYSICAL DESCRIPTION |
| Extent |
viii, 294 pages : |
| Other physical details |
color illustrations ; |
| Dimensions |
25 cm |
| 336 ## - CONTENT TYPE |
| Content type term |
text |
| Content type code |
txt |
| Source |
rdacontent |
| 337 ## - MEDIA TYPE |
| Media type term |
unmediated |
| Media type code |
n |
| Source |
rdamedia |
| 338 ## - CARRIER TYPE |
| Carrier type term |
volume |
| Carrier type code |
nc |
| Source |
rdacarrier |
| 504 ## - BIBLIOGRAPHY, ETC. NOTE |
| Bibliography, etc. note |
Includes bibliographical references (pages 218-225). |
| 650 #0 - SUBJECT ADDED ENTRY--TOPICAL TERM |
| Topical term or geographic name entry element |
Medicinal plants |
| Geographic subdivision |
Bangladesh |
| -- |
Bāndarban District |
| Form subdivision |
Classification. |
| 650 #0 - SUBJECT ADDED ENTRY--TOPICAL TERM |
| Topical term or geographic name entry element |
Traditional medicine |
| Geographic subdivision |
Bangladesh |
| -- |
Bāndarban District. |
| 710 2# - ADDED ENTRY--CORPORATE NAME |
| Corporate name or jurisdiction name as entry element |
International Union for Conservation of Nature and Natural Resources. |
| 710 2# - ADDED ENTRY--CORPORATE NAME |
| Corporate name or jurisdiction name as entry element |
Bolipara Nari Kalyan Somity. |
| 710 2# - ADDED ENTRY--CORPORATE NAME |
| Corporate name or jurisdiction name as entry element |
Keidanren Nature Conservation Fund. |
| 906 ## - LOCAL DATA ELEMENT F, LDF (RLIN) |
| a |
7 |
| b |
par |
| c |
origode |
| d |
3 |
| e |
ncip |
| f |
20 |
| g |
y-gencatlg |
| 942 ## - ADDED ENTRY ELEMENTS (KOHA) |
| Source of classification or shelving scheme |
Dewey Decimal Classification |
| Koha item type |
Books |